000 00662cam a22002297a 4500
001 000112
003 armpunfd
005 20140612090559.0
008 011019e1969####xx#a##########000#0#und#d
040 _aarmpunfd
_carmpunfd
080 _a340.11 K 279
100 1 0 _a Kelsen, Hans
245 1 0 _aContribuciones a la teoria pura del derecho
260 _a Buenos Aires
_b Centro Editor De America Latina
_c1969
300 _a137 p.
650 7 _a Derecho
_x Metodologia
_2LEMB
650 7 _a Derecho
_x Teoria Del
_2LEMB
650 7 _a Filosofia Del Derecho
_2LEMB
942 _cLB
_2cdu
945 _aCatalis
_d2010-08-19
945 _aCatalis
_d2010-08-19
999 _c110
_d230614